IUCN Red List Categories - Statistics

General Stats
  • This quiz has been taken 11 times
  • The average score is 6 of 9
Answer Stats
Answer % Correct
Extinct
100%
Endangered
86%
Least Concern
71%
Near Threatened
71%
Vulnerable
71%
Critically Endangered
57%
Data Deficient
43%
Extinct in the Wild
43%
Not Evaluated
29%
No matching quizzes found
Score Distribution
Percent of People with Each Score
Percentile by Number Answered
Your Score History
You have not taken this quiz